Detalles MARC
| 000 -CABECERA |
| campo de control de longitud fija |
01722nam a2200301 i 4500 |
| 003 - IDENTIFICADOR DEL NÚMERO DE CONTROL |
| campo de control |
DO-SdBNP |
| 005 - FECHA Y HORA DE LA ÚLTIMA TRANSACCIÓN |
| campo de control |
20250529073012.0 |
| 007 - CAMPO FIJO DE DESCRIPCIÓN FÍSICA--INFORMACIÓN GENERAL |
| campo de control de longitud fija |
ta |
| 008 - DATOS DE LONGITUD FIJA--INFORMACIÓN GENERAL |
| campo de control de longitud fija |
250528b2024 dr ||||| |||| 00| 0 spa d |
| 020 ## - NÚMERO INTERNACIONAL ESTÁNDAR DEL LIBRO |
| Número Internacional Estándar del Libro |
9789945947922 |
| 040 ## - FUENTE DE LA CATALOGACIÓN |
| Centro catalogador/agencia de origen |
DO-SdBNP |
| Lengua de catalogación |
spa |
| Centro/agencia transcriptor |
BNPHU |
| Normas de descripción |
rda |
| 082 ## - NÚMERO DE LA CLASIFICACIÓN DECIMAL DEWEY |
| Número de clasificación |
xxx |
| Número de documento/Ítem |
P925 |
| Número de edición |
22 |
| 110 1# - ENTRADA PRINCIPAL--NOMBRE DE ENTIDAD CORPORATIVA |
| Nombre de entidad corporativa o nombre de jurisdicción como elemento de entrada |
Banco de Reservas de la República Dominicana / |
| 9 (RLIN) |
6285 |
| 245 00 - MENCIÓN DE TÍTULO |
| Título |
Premio Banreservas de Relatos de Jazz / |
| Mención de responsabilidad, etc. |
jurado, Aurora Arias, César Namnúm, Elizabeth Villamán |
| 264 ## - PRODUCCIÓN, PUBLICACIÓN, DISTRIBUCIÓN, FABRICACIÓN Y COPYRIGHT |
| Producción, publicación, distribución, fabricación y copyright |
Santo Domingo : |
| Nombre del de productor, editor, distribuidor, fabricante |
Editora Búho, |
| Fecha de producción, publicación, distribución, fabricación o copyright |
2024. |
| 300 ## - DESCRIPCIÓN FÍSICA |
| Extensión |
125 páginas : |
| Dimensiones |
23 cm. |
| 336 ## - TIPO DE CONTENIDO |
| Término de tipo de contenido |
texto |
| Código de tipo de contenido |
txt |
| Fuente |
rdacontent |
| 337 ## - TIPO DE MEDIO |
| Nombre/término del tipo de medio |
sin mediación |
| Código del tipo de medio |
n |
| Fuente |
rdamedia |
| 338 ## - TIPO DE SOPORTE |
| Nombre/término del tipo de soporte |
texto |
| Código del tipo de soporte |
txt |
| Fuente |
rdacontent |
| 500 ## - NOTA GENERAL |
| Nota general |
Este libro es un producto cultural de distribución gratuita. Prohibida su venta. |
| 505 0# - NOTA DE CONTENIDO CON FORMATO |
| Información miscelánea |
Primer lugar -- |
| Título |
Besos de ámbar -- |
| Mención de responsabilidad |
Roxanna Delgado Boyá (seudónimo Conejo en croma) / |
| Información miscelánea |
Segundo lugar -- |
| Título |
Próxima estación -- |
| Mención de responsabilidad |
Vladimir Tatis (seudónimo Alteamar) / |
| Información miscelánea |
Tercer lugar -- |
| Título |
El jazzista -- |
| Mención de responsabilidad |
Cherny Reyes (seudónimo Sassenach) / |
| Información miscelánea |
Menciones (en orden alfabético del título del relato) -- |
| Título |
Frito -- |
| Mención de responsabilidad |
Sady Feliz (seudónimo Jaula de amor) / |
| Título |
La nota discordante -- |
| Mención de responsabilidad |
Sandra Tavárez (seudónimo Mara) / |
| Título |
Memorias que se sienten como el jazz -- |
| Mención de responsabilidad |
Arianna Bastardo Manzueta (seudónimo Shyra) / |
| Título |
Tavito en el Olimpo -- |
| Mención de responsabilidad |
Luisa Rebecca Valentín (seudónimo Dexter Gordon) / |
| Título |
Tú, ¿qué creías? -- |
| Mención de responsabilidad |
Isidro Jiménez Guillén (seudónimo anderson MacAnderson Andersen / |
| 590 ## - NOTA LOCAL (RLIN) |
| Nota local |
Inventariado, 2025/ YL |
| 700 1# - PUNTO DE ACCESO ADICIONAL--NOMBRE DE PERSONA |
| Nombre de persona |
Arias, Aurora |
| Término indicativo de función/relación |
jurado |
| Código de función/relación |
jur. |
| 9 (RLIN) |
23145 |
| 700 1# - PUNTO DE ACCESO ADICIONAL--NOMBRE DE PERSONA |
| Nombre de persona |
Namnúm, César |
| Término indicativo de función/relación |
jurado |
| Código de función/relación |
jur. |
| 9 (RLIN) |
25170 |
| 700 1# - PUNTO DE ACCESO ADICIONAL--NOMBRE DE PERSONA |
| Nombre de persona |
Villamán, Elizabeth |
| Término indicativo de función/relación |
jurado |
| Código de función/relación |
jur. |
| 9 (RLIN) |
43508 |
| 910 ## - DATOS DE OPCIÓN DEL USUARIO (OCLC) |
| Datos de opción del usuario |
YLockward |
| 942 ## - ELEMENTOS DE PUNTO DE ACCESO ADICIONAL (KOHA) |
| Fuente del sistema de clasificación o colocación |
Dewey Decimal Classification |
| Tipo de ítem Koha |
Libro |